Information sheet : guidance for institutional review boards and clinical investigators (exception from informed consent for studies conducted in emergency settings; regulatory language and excerpts from preamble).

Bibliographic Details
Corporate Author: United States. Food and Drug Administration
Format: Government Document eBook
Language:English
Published: [Rockville, Md.] : [U.S. Dept. of Health and Human Services, Food and Drug Administration], [1998?]
Subjects:
Online Access:https://purl.fdlp.gov/GPO/LPS115241

MARC

Tag First Indicator Second Indicator Subfields
LEADER 00000cam a2200000Ia 4500
001 in00002467648
005 20211202192206.0
006 m d f
007 cr an|||||||||
008 090723s1998 mdu s f001 0 eng d
035 |a (OCoLC)ocn427565129 
040 |a GPO  |c GPO  |d MvI  |d UtOrBLW 
049 |a WWW 
074 |a 0475 (online) 
086 0 |a HE 20.4002:IN 3/3 
245 0 0 |a Information sheet :  |b guidance for institutional review boards and clinical investigators (exception from informed consent for studies conducted in emergency settings; regulatory language and excerpts from preamble). 
246 1 |i At head of title:  |a Exception from informed consent for studies conducted in emergency settings; regulatory language and excerpts from preamble 
246 3 0 |a Guidance for institutional review boards and clinical investigators (exception from informed consent for studies conducted in emergency settings; regulatory language and excerpts from preamble) 
264 1 |a [Rockville, Md.] :  |b [U.S. Dept. of Health and Human Services, Food and Drug Administration],  |c [1998?] 
300 |a 1 electronic text :  |b HTML file. 
336 |a text  |b txt  |2 rdacontent 
337 |a computer  |b c  |2 rdamedia 
338 |a online resource  |b cr  |2 rdacarrier 
538 |a Mode of access: Internet at the FDA web site. Address as of 7/23/09: http://www.fda.gov/RegulatoryInformation/Guidances/ucm126482.htm ; current access is available via PURL. 
500 |a Title from HTML caption (viewed on July 23, 2009). 
500 |a "01/1998"--Title index listing. 
500 |a Electronic resource. 
650 0 |a Informed consent (Medical law)  |z United States. 
650 0 |a Institutional review boards (Medicine)  |x Government policy  |z United States. 
650 0 |a Medical research personnel  |x Government policy  |z United States. 
710 1 |a United States.  |b Food and Drug Administration. 
856 4 0 |u https://purl.fdlp.gov/GPO/LPS115241  |t 0 
999 |a MARS 
999 f f |s 17fa3956-3bfa-398d-bd81-d60b0ac8a39e  |i 673bd5ec-9b6a-39ae-b5ec-5d7d2f63b385  |t 0 
952 f f |a Texas A&M University  |b College Station  |c Electronic Resources  |d Available Online  |t 0  |e HE 20.4002:IN 3/3  |h Superintendent of Documents classification 
998 f f |a HE 20.4002:IN 3/3  |t 0  |l Available Online